Lois psychologiques de l'évolution des peuples / (Record no. 157343)

MARC details
000 -LEADER
campo de control de longitud fija 00658nam a22001935i 4500
001 - NÚMERO DE CONTROL
campo de control 157343
003 - IDENTIFICADOR DE NÚMERO DE CONTROL
campo de control ES-MaACL
005 - FECHA Y HORA DE LA ÚLTIMA TRANSACCIÓN
campo de control 20230906210646.0
008 - DATOS DE LONGITUD FIJA--INFORMACIÓN GENERAL
campo de control de longitud fija 970612s1895 fr |||| | fre d
040 ## - FUENTE DE CATALOGACIÓN
Centro catalogador/agencia de origen AR
Lengua de catalogación spa
Centro/agencia transcriptor AR
100 1# - ENTRADA PRINCIPAL--NOMBRE DE PERSONA
Nombre de persona Le Bon, Gustave.
9 (RLIN) 70835
245 10 - MENCIÓN DEL TÍTULO
Título Lois psychologiques de l'évolution des peuples /
Mención de responsabilidad, etc. par Gustave Le Bon.
250 ## - MENCION DE EDICION
Mención de edición 2\pe\s ed.
Resto de la mención de edición revue et augmentée.
260 ## - PUBLICACIÓN, DISTRIBUCIÓN, ETC.
Lugar de publicación, distribución, etc. Paris :
Nombre del editor, distribuidor, etc. Ancienne Librairie Germer Baillière et C\pie\s, Félix Alcan, éditeur,
Fecha de publicación, distribución, etc. 1895.
300 ## - DESCRIPCIÓN FÍSICA
Extensión 186 p. ;
Dimensiones 15 cm.
700 11 - ENTRADA AGREGADA--NOMBRE PERSONAL
Nombre de persona Alcan, Felix,
Término indicativo de función/relación
9 (RLIN) 125590
752 ## - ENTRADA AGREGADA--NOMBRE JERÁRQUICO DEL LUGAR
País o entidad superior Francia -
Ciudad , París
852 ## - LOCALIZACIÓN
Ubicación ES-MaACL
Número de control de estantería F-11873
Nota libre -- Enc. hol.
Holdings
Estatus retirado Estado de pérdida Estado de daño No para préstamo Colección Biblioteca de origen Biblioteca actual Ubicación en estantería Fecha de adquisición Fuente de adquisición Total de préstamos Signatura topográfica completa Código de barras Visto por última vez Precio de reemplazo Tipo de ítem Koha
        Libros del s. XIX Biblioteca del Ateneo de Madrid Biblioteca del Ateneo de Madrid Sala Pecera Planta 2 17/01/2008     F-11873 1164659 23/02/2023 23/02/2023 Libro impreso antiguo